How many times can you type Canada in 30 seconds? - Statistics

General Stats
  • This quiz has been taken 38 times
  • The average score is 14 of 20
Answer Stats
Hint Answer % Correct
type CANADA
100%
type CANADA
93%
type CANADA
93%
type CANADA
93%
type CANADA
87%
type CANADA
80%
type CANADA
73%
type CANADA
73%
type CANADA
73%
type CANADA
73%
type CANADA
73%
type CANADA
67%
type CANADA
60%
type CANADA
60%
type CANADA
53%
type CANADA
47%
type CANADA
40%
type CANADA
40%
type CANADA
40%
type CANADA
40%
No matching quizzes found
Score Distribution
Percent of People with Each Score
Percentile by Number Answered
Your Score History
You have not taken this quiz